| 000 | 01440cam a2200385 a 4500 | ||
|---|---|---|---|
| 001 | 125610 | ||
| 003 | OSt | ||
| 005 | 20140310182659.0 | ||
| 008 | 970415s1997 enka b 000 0 eng d | ||
| 010 | _a 97145439 | ||
| 020 | _a8176485098 | ||
| 020 | _a8176485098 | ||
| 020 | _a8176485098 | ||
| 035 | _a(OCoLC)36743978 | ||
| 040 |
_aIDeKN _cIDeKN _dDLC |
||
| 042 | _alccopycat | ||
| 050 | 0 | 0 |
_aPE 1074.8 _b.Sa243 2004 |
| 082 | 0 | 0 |
_aM 428.34 _2Sa7 2004 |
| 100 | 1 |
_aCarter, Ronald, _d1947- |
|
| 245 | 1 | 0 |
_aExploring spoken English / _cSarada, M. |
| 260 |
_aCambridge, U.K. ; _aNew York : _bCambridge University Press, _c2004 |
||
| 300 |
_a160 p. : _bill. ; _c25 cm. + _e1 sound cassette (analog) |
||
| 504 | _aIncludes bibliographical references (p. 155-159). | ||
| 521 | _ahigh school to college student | ||
| 526 | _c0L to 1700L | ||
| 541 | _j1 | ||
| 562 | _efor circulation. 1 copy available in the collection | ||
| 650 | 0 |
_aEnglish language _xSpoken English. |
|
| 700 | 1 |
_aMcCarthy, Michael, _d1947- |
|
| 856 | 4 | 2 |
_3Publisher description _uhttp://www.loc.gov/catdir/description/cam029/97145439.html |
| 856 | 4 | 1 |
_3Table of contents _uhttp://www.loc.gov/catdir/toc/cam025/97145439.html |
| 906 |
_a7 _bcbc _ccopycat _d2 _encip _f19 _gy-gencatlg |
||
| 942 |
_2lcc _cBK _kM |
||
| 999 |
_c15147 _d15147 |
||